[Event "Buenos Aires Torre Blanca"]
[Site "Buenos Aires"]
[Date "2023.12.02"]
[Round "9"]
[White "Dubrovich, Igor"]
[Black "Schnaider, Ilan"]
[Result "1-0"]
[WhiteElo "1982"]
[BlackElo "2333"]
[PlyCount "51"]
[EventDate "2023.11.25"]
[EventType "tourn"]
[EventRounds "9"]
[EventCountry "ARG"]
[EventCategory "1"]
[SourceTitle "CB49_2023"]
[SourceDate "2023.12.06"]
[SourceVersion "1"]
[SourceVersionDate "2023.12.06"]
[SourceQuality "1"]

1. e4 c5 2. Nc3 d6 3. f4 g6 4. Nf3 Bg7 5. Bb5+ Bd7 6. a4 Bxb5 7. axb5 e6 8. 0-0 Ne7 9. d3 0-0 10. Qe1 Nd7 11. f5 gxf5 12. Qg3 fxe4 13. dxe4 Ne5 14. Nxe5 dxe5 15. Bg5 Qc7 16. h4 h5 17. Bf6 Ng6 18. Qg5 Bxf6 19. Rxf6 Kg7 20. Raf1 Qd7 21. Ne2 Rad8 22. Ng3 Rh8 23. Nxh5+ Rxh5 24. Qxh5 Rh8 25. Qg4 Qd4+ 26. R1f2 1-0

[Event "Buenos Aires Torre Blanca"]
[Site "Buenos Aires"]
[Date "2023.11.29"]
[Round "6"]
[White "Diaz Hollemaert, Nahuel Carlos"]
[Black "Dubrovich, Igor"]
[Result "1/2-1/2"]
[WhiteElo "2370"]
[BlackElo "1982"]
[PlyCount "81"]
[EventDate "2023.11.25"]
[EventType "tourn"]
[EventRounds "9"]
[EventCountry "ARG"]
[EventCategory "1"]
[SourceTitle "CB49_2023"]
[SourceDate "2023.12.06"]
[SourceVersion "1"]
[SourceVersionDate "2023.12.06"]
[SourceQuality "1"]

1. Nf3 Nf6 2. c4 g6 3. b4 a5 4. b5 Bg7 5. Bb2 0-0 6. e3 d6 7. d4 Nbd7 8. Be2 e5 9. 0-0 e4 10. Nfd2 Re8 11. Nc3 Nf8 12. Qc2 Bf5 13. Nd5 Nxd5 14. cxd5 b6 15. Rfc1 Rc8 16. g4 Bxg4 17. Bxg4 Qg5 18. Qd1 h5 19. h4 Qxg4+ 20. Qxg4 hxg4 21. Rc6 Nh7 22. Rac1 Nf6 23. Rxc7 Rxc7 24. Rxc7 Nxd5 25. Rc6 g3 26. Rxd6 gxf2+ 27. Kxf2 Nb4 28. Ke2 Rc8 29. Ba3 Nxa2 30. Nxe4 Nc3+ 31. Nxc3 Rxc3 32. Rd8+ Kh7 33. Be7 Rb3 34. d5 Rxb5 35. d6 Rd5 36. Rb8 a4 37. Rxb6 Be5 38. Ra6 a3 39. Kf3 f5 40. Ra7 Kg8 41. Rxa3 1/2-1/2

[Event "Villa Martelli ProAm op 28th"]
[Site "Villa Martelli"]
[Date "2021.11.13"]
[Round "7"]
[White "Dubrovich, Igor"]
[Black "Mussanti, Diego"]
[Result "0-1"]
[WhiteElo "2005"]
[BlackElo "2276"]
[PlyCount "144"]
[EventDate "2021.11.04"]
[EventType "swiss"]
[EventRounds "7"]
[EventCountry "ARG"]
[SourceTitle "CBM 205 Extra"]
[Source "ChessBase"]
[SourceDate "2022.01.31"]
[SourceVersion "1"]
[SourceVersionDate "2022.01.31"]
[SourceQuality "1"]

1. e4 c5 2. Nf3 e6 3. d4 cxd4 4. Nxd4 Nf6 5. Nc3 Bb4 6. e5 Nd5 7. Qg4 g6 8. a3 Bxc3+ 9. bxc3 Qc7 10. c4 Qxe5+ 11. Be2 Nc3 12. Bb2 Nxe2 13. Qxe2 Qxe2+ 14. Kxe2 0-0 15. Nb5 Nc6 16. Bf6 d5 17. Nc7 Rb8 18. cxd5 exd5 19. Nxd5 Re8+ 20. Kd2 Be6 21. Nc7 Rec8 22. Nxe6 fxe6 23. g4 Kf7 24. g5 Ne7 25. Rab1 b6 26. Rb3 h5 27. Rf3 Nf5 28. Rd3 Rb7 29. Rd1 Ne7 30. c3 Nd5 31. Be5 Kg8 32. Re1 Rf7 33. f3 Rd7 34. Re4 b5 35. a4 a6 36. a5 Kf7 37. Kc2 Rcd8 38. Red4 Ke8 39. Kb3 Ne7 40. Re3 Nf5 41. Rxd7 Rxd7 42. Re2 Rd3 43. f4 Kd7 44. Kb4 Rd5 45. Bf6 Nd6 46. Bd4 Rf5 47. Be5 Nc4 48. Kc5 Rf8 49. Bf6 Rc8+ 50. Kb4 Nd6 51. Rd2 Rc4+ 52. Kb3 Kc6 53. Be5 Nb7 54. Kb2 Ra4 55. Bb8 Nxa5 56. Rd6+ Kb7 57. Rxe6 Kxb8 58. f5 gxf5 59. h3 Rf4 60. g6 Rf2+ 61. Ka3 Rg2 62. Kb4 Nb7 63. Rxa6 Kc7 64. Kxb5 Nd6+ 65. Kc5 Rxg6 66. Ra7+ Kd8 67. c4 f4 68. Kd4 f3 69. Ra2 Rg2 70. Ra3 Rd2+ 71. Kc5 Ne4+ 72. Kc6 f2 0-1

[Event "Caba Legislatura Cup"]
[Site "Caba"]
[Date "2018.04.07"]
[Round "2"]
[White "Bobadilla Viera, Jorge Samuel"]
[Black "Dubrovich, Igor"]
[Result "1-0"]
[WhiteElo "2300"]
[BlackElo "1979"]
[PlyCount "105"]
[EventDate "2018.04.06"]
[EventType "swiss"]
[EventRounds "9"]
[EventCountry "ARG"]
[SourceTitle "CBM 184 Extra"]
[Source "ChessBase"]
[SourceDate "2018.06.28"]
[SourceVersion "1"]
[SourceVersionDate "2018.06.28"]
[SourceQuality "1"]

1. c4 e5 2. g3 Nc6 3. Bg2 Nf6 4. Nf3 d6 5. 0-0 g6 6. d4 exd4 7. Nxd4 Nxd4 8. Qxd4 Bg7 9. Nc3 0-0 10. Rd1 Ng4 11. Qd2 Qf6 12. f4 Re8 13. e4 c6 14. h3 Nh6 15. g4 Nxg4 16. hxg4 Bxg4 17. Rf1 Rad8 18. Qf2 Qe6 19. Be3 Qxc4 20. Rac1 d5 21. Nxd5 Qxa2 22. Nc3 Qb3 23. Bxa7 Rd3 24. e5 Red8 25. Ne4 Qb5 26. Nd6 Qb3 27. Qh4 Ra8 28. Qxg4 Rxa7 29. Qc8+ Bf8 30. f5 Qb6+ 31. Kh1 Qe3 32. Rce1 Qh6+ 33. Kg1 Rd2 34. fxg6 Qxg6 35. Qh3 Ra4 36. Re4 Rxe4 37. Nxe4 Rxb2 38. Rf3 Kh8 39. Rg3 Rb1+ 40. Kh2 Qh6 41. Ng5 Qxh3+ 42. Kxh3 Bg7 43. Nxf7+ Kg8 44. Nd8 Kh8 45. e6 Re1 46. Bf3 Kg8 47. Bh5 Kf8 48. Rf3+ Ke7 49. Rf7+ Kxd8 50. Rd7+ Kc8 51. Rxg7 Kd8 52. Rd7+ Kc8 53. Bg4 1-0

[Event "ARG-ch sf"]
[Site "Vicente Lopez"]
[Date "2016.06.29"]
[Round "6"]
[White "Dubrovich, Igor"]
[Black "Palomares, Joaquin"]
[Result "1-0"]
[WhiteElo "1737"]
[BlackElo "1597"]
[PlyCount "81"]
[EventDate "2016.06.25"]
[EventType "swiss"]
[EventRounds "9"]
[EventCountry "ARG"]
[SourceTitle "CBM 173 Extra"]
[Source "ChessBase"]
[SourceDate "2016.08.29"]
[SourceVersion "1"]
[SourceVersionDate "2016.08.29"]
[SourceQuality "1"]

1. e4 e6 2. d4 d5 3. Nc3 dxe4 4. Nxe4 Nd7 5. Nf3 Ngf6 6. Nxf6+ Nxf6 7. Be3 Be7 8. Bd3 0-0 9. Qe2 b6 10. 0-0-0 a5 11. Ne5 Bb7 12. Rhg1 Nd5 13. c3 Bg5 14. Kb1 Bxe3 15. fxe3 Rc8 16. h4 Nf6 17. Qc2 Qe7 18. g4 g6 19. g5 Nh5 20. Ng4 c5 21. Rdf1 Qc7 22. Nf6+ Nxf6 23. gxf6 c4 24. Be4 b5 25. h5 b4 26. Bxb7 Qxb7 27. hxg6 fxg6 28. Rf4 Rb8 29. Rxg6+ Kh8 30. Rg7 Qh1+ 31. Qc1 Qh6 32. Rfg4 Rxf6 33. Qg1 Rff8 34. cxb4 axb4 35. Kc2 Qf6 36. Rxh7+ Kxh7 37. Qh1+ Qh6 38. Qe4+ Rf5 39. Rh4 Rg8 40. Rxh6+ Kxh6 41. Qxe6+ 1-0

[Event "ARG-ch sf"]
[Site "Vicente Lopez"]
[Date "2016.06.26"]
[Round "2"]
[White "Dubrovich, Igor"]
[Black "Perez, Maximiliano"]
[Result "0-1"]
[WhiteElo "1737"]
[BlackElo "2428"]
[PlyCount "80"]
[EventDate "2016.06.25"]
[EventType "swiss"]
[EventRounds "9"]
[EventCountry "ARG"]
[SourceTitle "CBM 173 Extra"]
[Source "ChessBase"]
[SourceDate "2016.08.29"]
[SourceVersion "1"]
[SourceVersionDate "2016.08.29"]
[SourceQuality "1"]

1. e4 c5 2. Nf3 d6 3. d4 cxd4 4. Nxd4 Nf6 5. Nc3 a6 6. Be3 e5 7. Nb3 Be6 8. f3 Be7 9. Qd2 0-0 10. 0-0-0 a5 11. Bb5 Na6 12. Qe2 Qb8 13. g4 Nc7 14. Ba4 Rc8 15. g5 Nh5 16. Kb1 Bf8 17. Rhg1 g6 18. h4 Na6 19. Nd5 Bxd5 20. exd5 Qc7 21. Rg4 f5 22. gxf6 Nxf6 23. Rg2 Bg7 24. Bb5 a4 25. Nc1 a3 26. c4 axb2 27. Qxb2 Nc5 28. Qb4 b6 29. Bc6 Rab8 30. Nb3 Nh5 31. Qd2 Rf8 32. Rf1 Qe7 33. Bg5 Qf7 34. Qc2 e4 35. Be3 Nxb3 36. Qxb3 Qf6 37. Kc2 Qxh4 38. Rg4 Qh3 39. Rf2 Rxf3 40. Rxe4 Qf5 0-1